00444nam a2200145 a 450000500170000000800410001702000180005805000230007610000160009924500340011526000390014930000230018852000700021165000170028120140412111253.0000824s19uu xx 00 eng d a0-590-46453-1 aTR(PS EbDr78 1992 aCarle, Eric aDraw me a star /cEric Carle. aNew York :bScholastic Inc,c1992. a1 v. (unp.) ; ill. aDraw me a star. And the artist drew a star. It was a good star. aStar-Fiction